|
|
|
|
| LEADER |
01142nam a2200229 i 4500 |
| 003 |
GR-PaULI |
| 005 |
20210117211030.0 |
| 008 |
200127s2019 gr a|||g |||| 00| 0 gre d |
| 952 |
|
|
|0 0
|1 0
|2 ddc
|4 0
|6 ΑΜΦ_880_000000000000000_ΕΥΑ
|7 0
|9 238627
|a THST
|b THST
|d 2020-01-27
|i 015142
|l 0
|o ΑΜΦ 880 ΕΥΑ
|p 025000267283
|r 2020-01-27 00:00:00
|t 1
|v 2020.00
|w 2020-01-27
|y BKN
|z Δωρεά Βίκυ Μαντέλη
|
| 999 |
|
|
|c 144139
|d 144139
|
| 040 |
|
|
|a GR-PaULI
|b gre
|c GR-PaULI
|e AACR2
|
| 082 |
0 |
4 |
|2 23
|a 880
|
| 110 |
1 |
|
|9 105623
|a Αμφι-Θέατρο (Θεατρική εταιρεία) Σπύρος Ευαγγελάτος
|
| 245 |
1 |
0 |
|a Άμλετ /
|c Ουίλλιαμ Σαίξπηρ.
|
| 260 |
|
|
|a Αθήνα :
|b Κάπα,
|c 2019.
|
| 300 |
|
|
|a [48] σ. :
|b εικ. ;
|c 30 εκ.
|
| 490 |
0 |
|
|a Αμφι-Θέατρο ;
|v 96
|
| 500 |
|
|
|a Οδηγός θεατρικής παράστασης.
|
| 500 |
|
|
|a Μετάφραση Γιώργος Χειμωνάς, δραματουργία-σκηνοθεσία Κατερίνα Ευαγγελάτου.
|
| 600 |
1 |
4 |
|9 139258
|a Shakespeare- William
|d 1564-1616
|x Τραγωδίες
|
| 942 |
|
|
|2 ddc
|c BKN
|
| 998 |
|
|
|c ΜΑΝΙΑ
|d 2020-01
|